000 00233 a2200097 4500
001 24180
100 _aChirlian, P,.M
245 _aAnalysis and design of electronic circuits
260 _a
_bMcGraw-Hill
_c1965
090 _c16371
_d16371
942 _aNUST-CAE
_cM
_c7082
999 _c259253
_d259253